Movies that Start with R - Statistics

General Stats
  • This quiz has been taken 46,690 times
    18,677 since last reset
  • The average score is 10 of 18
Answer Stats
Description Movie % Correct
Archeologist races Nazis to discover an ancient religious artifact Raiders of the Lost Ark
85%
Biographical movie about the life of Elton John Rocketman
78%
Man uses his autistic brother to count cards Rain Man
76%
In the near future, crime-riddled Detroit needs robotic law enforcement Robocop
75%
Petty Philadelphia thug gets a shot to fight the heavyweight world champ Rocky
71%
Chameleon must solve the case of the missing water in an Old West town Rango
67%
Evil videotape causes death if watched Ring, the
67%
Black cop and Asian cop have hilarious cultural differences Rush Hour
62%
Imprisoned commando is called upon to rescue Vietnam POWs Rambo: First Blood Part II
60%
Teenager must defeat an evil corporation by finding an Easter egg inside a virtual reality game Ready Player One
48%
Woman has left three fiancés at the altar - will this time be true love? Runaway Bride
41%
Moody 1950s youth are out of control, rebelling despite having no reason to do so! Rebel Without a Cause
39%
After being harassed by jocks, college nerds form a fraternity and seize control of the Greek Council Revenge of the Nerds
37%
Chromatic criminals botch a diamond heist and argue about tipping ethics Reservoir Dogs
36%
Elite bouncer is brought in to kick butt in a rural Missouri nightclub Road House
36%
Undersized player gets the chance to play one meaningless possession for Notre Dame's football team Rudy
34%
Soviets conquer large parts of the United States, but have trouble dispatching a ragtag band of high schoolers Red Dawn
29%
Sexy Soviet spy uses seduction to steal state secrets Red Sparrow
15%
No matching quizzes found
Score Distribution
Percent of People with Each Score
Percentile by Number Answered
Your Score History
You have not taken this quiz since the last reset